| 000 | 01412nam0a2200301 i 4500 | ||
|---|---|---|---|
| 001 | RU\NLR\BIBL_A\011311262 | ||
| 005 | 20260405113828.0 | ||
| 010 |
_a9785906909343 _9100 |
||
| 021 |
_aRU _b2016-97628 _96478 |
||
| 035 | _a(NLR Aleph) 011311262 | ||
| 090 |
_a11022756 _c11022756 |
||
| 100 | _a20170118d2016 k y0rusy50 ca | ||
| 101 | 0 | _arus | |
| 102 | _aRU | ||
| 105 | _aa z 000zy | ||
| 200 | 1 |
_aСовременные проблемы педагогической науки и образования _eколлективная монография _f[Е.Ю. Никитина, д.п.н., проф., Я.А. Айрих, В.С. Васильева, к.п.н., доц. и др. _gпод ред. проф. Е.Ю. Никитиной] |
|
| 210 |
_aМосква _cПеро _d2016 |
||
| 215 |
_a208 c. _cил. _d20 |
||
| 320 | _aБиблиогр. в конце ст. | ||
| 606 |
_aПедагогика _9921924 _3RU\NLR\AUTH\6619222 |
||
| 686 | 1 | _aЧ30 | |
| 701 | 1 |
_4340 _4340 _7ca _8rus _aНикитина _bЕ. Ю. _cд-р пед. наук _f1969- _gЕлена Юрьевна _927410 _3RU\NLR\AUTH\7744469 |
|
| 701 | 1 |
_aАйрих _bЯ.А. _gЯна Александровна |
|
| 701 | 1 |
_7ca _8rus _aВасильева _bВ. С. _cканд. пед. наук _gВиктория Сергеевна _9155733 _3RU\NLR\AUTH\770155772 |
|
| 942 | _cBOOK | ||
| 980 | _aNBR | ||